A-004 新宿区の町名 - Statistics

General Stats
  • This quiz has been taken 6 times
  • The average score is 24 of 95
Answers on the Map
Answers color-coded by a green-red scale on the quiz's map according to % correct below.
 
Answer Stats
Answer % Correct
44.新宿しんじゅく
83%
30.歌舞伎町かぶきちょう
67%
49.高田馬場たかだのばば
67%
66.西新宿にししんじゅく
67%
23.大久保おおくぼ
50%
26.神楽坂かぐらざか
50%
28.霞岳町かすみがおかまち
50%
57.戸山とやま
50%
59.中井なかい
50%
60.中落合なかおちあい
50%
64.西落合にしおちあい
50%
68.西早稲田にしわせだ
50%
86.四谷よつや
50%
12.市谷田町いちがやたまち
33%
17.市谷本村町いちがやほんむらちょう
33%
25.神楽河岸かぐらがし
33%
27.霞ヶ丘町かすみがおかまち
33%
31.上落合かみおちあい
33%
32.河田町かわだちょう
33%
34.北新宿きたしんじゅく
33%
40.下落合しもおちあい
33%
50.箪笥町たんすまち
33%
65.西五軒町にしごけんちょう
33%
69.馬場下町ばばしたちょう
33%
74.百人町ひゃくにんちょう
33%
87.四谷坂町よつやさかまち
33%
93.早稲田鶴巻町わせだつるまきちょう
33%
94.早稲田町わせだまち
33%
95.早稲田南町わせだみなみちょう
33%
01.愛住町あいずみちょう
17%
02.赤城下町あかぎしたまち
17%
03.赤城元町あかぎもとまち
17%
04.揚場町あげばちょう
17%
05.荒木町あらきちょう
17%
06.市谷加賀町いちがやかがちょう
17%
07.市谷甲良町いちがやこうらちょう
17%
08.市谷砂土原町いちがやさどはらちょう
17%
09.市谷左内町いちがやさないちょう
17%
10.市谷台町いちがやだいまち
17%
11.市谷鷹匠町いちがやたかじょうまち
17%
13.市谷長延寺町いちがやちょうえんじまち
17%
14.市谷仲之町いちがやなかのちょう
17%
15.市谷八幡町いちがやはちまんちょう
17%
16.市谷船河原町いちがやふながわらまち
17%
18.市谷薬王寺町いちがややくおうじまち
17%
19.市谷柳町いちがややなぎちょう
17%
20.市谷山伏町いちがややまぶしちょう
17%
21.岩戸町いわとちょう
17%
22.榎町えのきちょう
17%
24.改代町かいたいちょう
17%
29.片町かたまち
17%
33.喜久井町きくいちょう
17%
35.北町きたまち
17%
36.北山伏町きたやまぶしちょう
17%
37.細工町さいくまち
17%
38.左門町さもんちょう
17%
39.信濃町しなのまち
17%
41.下宮比町しもみやひちょう
17%
42.白銀町しろがねちょう
17%
43.新小川町しんおがわまち
17%
45.水道町すいどうちょう
17%
46.須賀町すがちょう
17%
47.住吉町すみよしちょう
17%
48.大京町だいきょうちょう
17%
51.築地町つきじまち
17%
52.津久戸町つくどちょう
17%
53.筑土八幡町つくどはちまんちょう
17%
54.天神町てんじんちょう
17%
55.戸塚町とつかまち
17%
56.富久町とみひさちょう
17%
58.内藤町ないとうちょう
17%
61.中里町なかざとちょう
17%
62.中町なかちょう
17%
63.納戸町なんどまち
17%
67.二十騎町にじゅっきまち
17%
70.払方町はらいかたまち
17%
71.原町はらまち
17%
72.東榎町ひがしえのきちょう
17%
73.東五軒町ひがしごけんちょう
17%
75.袋町ふくろまち
17%
76.舟町ふなまち
17%
77.弁天町べんてんちょう
17%
78.南榎町みなみえのきちょう
17%
79.南町みなみちょう
17%
80.南元町みなみもとまち
17%
81.南山伏町みなみやまぶしちょう
17%
82.山吹町やまぶきちょう
17%
83.矢来町やらいちょう
17%
84.横寺町よこてらまち
17%
85.余丁町よちょうまち
17%
88.四谷三栄町よつやさんえいちょう
17%
89.四谷本塩町よつやほんしおちょう
17%
90.若葉わかば
17%
91.若松町わかまつちょう
17%
92.若宮町わかみやちょう
17%
No matching quizzes found
Score Distribution
Percent of People with Each Score
Percentile by Number Answered
Your Score History
You have not taken this quiz